Catálogo
 En Linea

The Origins of the cold war in Asia / (Registro nro. 6716)

Detalles MARC
000 -CABECERA
campo de control de longitud fija 01009cam a2200265 a 4500
001 - NÚMERO DE CONTROL
campo de control 000006932
005 - FECHA Y HORA DE LA ÚLTIMA TRANSACCIÓN
campo de control 20200929154027.0
008 - DATOS DE LONGITUD FIJA--INFORMACIÓN GENERAL
campo de control de longitud fija 780208s1977 ja b 001 0 eng
020 ## - NÚMERO INTERNACIONAL ESTÁNDAR DEL LIBRO
Número Internacional Estándar del Libro 0860081788
035 ## - NÚMERO DE CONTROL DEL SISTEMA
Número de control de sistema (DLC) 77379481
040 ## - FUENTE DE LA CATALOGACIÓN
Centro catalogador/agencia de origen DO-SdBNP
Centro/agencia transcriptor DLC
Centro/agencia modificador DLC
082 ## - NÚMERO DE LA CLASIFICACIÓN DECIMAL DEWEY
Número de clasificación 320.950
Número de documento/Ítem O69ó
049 ## - FONDOS LOCALES (OCLC)
Fondos de biblioteca BNGR
245 04 - MENCIÓN DE TÍTULO
Título The Origins of the cold war in Asia /
Mención de responsabilidad, etc. editado por Yonosuke Nagai yAkira Iriye.
260 ## - PUBLICACIÓN, DISTRIBUCIÓN, ETC.
Lugar de publicación, distribución, etc. Tokio :
Nombre del editor, distribuidor, etc. University of Tokio Press,
Fecha de publicación, distribución, etc. 1977.
300 ## - DESCRIPCIÓN FÍSICA
Extensión ix, 448 p. ;
Dimensiones 24 cm.
500 ## - NOTA GENERAL
Nota general Incluye documentos presentados originalmente en un simposio internacional celebrado en Kyoto, Japón, Nov. 27-30, 1975.
504 ## - NOTA DE BIBLIOGRAFÍA, ETC.
Nota de bibliografía, etc. Incluye bibliografía, p. 437-440 e índice.
651 #4 - PUNTO DE ACCESO ADICIONAL DE MATERIA--NOMBRE GEOGRÁFICO
Nombre geográfico Asia
Subdivisión general Política Y Gobierno
Subdivisión cronológica 1945-1989
Subdivisión de forma CONGRESOS.
9 (RLIN) 19225
650 #4 - PUNTO DE ACCESO ADICIONAL DE MATERIA--TÉRMINO DE MATERIA
Término de materia o nombre geográfico como elemento de entrada Política internacional
Subdivisión cronológica 1945-1989
Subdivisión de forma CONGRESOS
9 (RLIN) 19226
650 #4 - PUNTO DE ACCESO ADICIONAL DE MATERIA--TÉRMINO DE MATERIA
Término de materia o nombre geográfico como elemento de entrada Guerra fria
Subdivisión de forma CONGRESOS.
9 (RLIN) 19227
700 1# - PUNTO DE ACCESO ADICIONAL--NOMBRE DE PERSONA
Nombre de persona Nagai, Yonosuke,
Fechas asociadas al nombre 1924-
9 (RLIN) 19228
700 1# - PUNTO DE ACCESO ADICIONAL--NOMBRE DE PERSONA
Nombre de persona Iriye, Akira.
9 (RLIN) 19229
910 ## - DATOS DE OPCIÓN DEL USUARIO (OCLC)
Datos de opción del usuario Catalogación por copia / LC
Existencias
Estado de retiro Estado de pérdida Restricciones de uso No para préstamo Código de colección Localización permanente Ubicación/localización actual Ubicación en estantería Fecha de adquisición Número de inventario Total de préstamos Signatura topográfica completa Código de barras Fecha visto por última vez Precio válido a partir de Tipo de ítem Koha
    Préstamo interno   Monografías: Libros y Folletos General General En catalogación 03.09.2009 LF1   320.950 O69ó 6932-10 25.06.2020 25.06.2020 Préstamo interno

Con tecnología Koha